Final Destination Deaths - Statistics

General Stats
  • This quiz has been taken 744 times
    633 since last reset
  • The average score is 19 of 46
Answer Stats
Victim Death % Correct
Eugene Dix Incinerated after explosion
70%
Clear Rivers Incinerated after explosion
70%
7 Passengers Devil's Flight derailment
61%
287 Passengers + 1 (or more) on ground Flight 180 engine failure
61%
Valerie Lewton Stabbed / Explosion
61%
Tim Carpenter Crushed by a glass pane
59%
Nathan Sears Crushed by Flight 180 landing gear
58%
Terry Chaney Run over by a bus
58%
Janet Cunningham Bones crushed by truck
51%
Lori Milligan Bones crushed by truck
51%
Nick O'Bannon Bones crushed by truck
51%
Billy Hitchcock Decapitated
51%
Nora Carpenter Decapitated by an elevator
51%
Erin Ulmer Shot with nail gun
51%
Lewis Romero Head crushed
50%
Isaac Palmer Head crushed
50%
Brian Gibbons Explosion
49%
Carter Daniels Explosion
49%
Ian McKinley Crushed
48%
Jonathan Grove Crushed by bathtub
48%
Carter Horton Crushed by sign
48%
Evan Lewis Impaled in the eye
47%
Ashley Freund Incinerated in a tanning bed
47%
Ashlyn Halperin Incinerated in a tanning bed
47%
86 People North Bay Bridge collapse
43%
18 People Route 23 Pileup
42%
Sam Lawton Incinerated in Flight 180
40%
Alex Browning Hit by brick
37%
Perry Malinowski Impaled with flagpole
37%
Dennis Lapman Wrench to the head
37%
Roy Carson Impaled on a hook
36%
Kat Jennings Impaled through the head
36%
Peter Friedkin Impaled with meat spit
36%
Tod Waggner Hanged
35%
At least 52 people McKinley Speedway disaster
35%
Molly Harper Bisected by tailplane
34%
Olivia Castle Falls out of window
32%
Hunt Wynorski Organs sucked through anus
32%
Jim Block Gunshot wounds
31%
Nadia Monroy Obliterated by a flying wheel
25%
Andy Kewzer Diced through fence
23%
George Lanter Hit by ambulance
22%
Frankie Cheeks Shredded by engine fan
15%
Rory Peters Dismembered by wires
10%
Samantha Lane Eye perforated by a stone
10%
Candice Hooper Broken back
5%
No matching quizzes found
Score Distribution
Percent of People with Each Score
Percentile by Number Answered
Your Score History
You have not taken this quiz since the last reset